000 00401pab a2200169 454500
008 180718b2010 xxu||||| |||| 00| 0 eng d
100 _aBanerjee, Abhijit V.
245 _aGiving credit where it is due
260 _c2010
300 _ap.61-80.
362 _aSummer
650 _aCredit
700 _aDuflo, Esther
773 _aJournal of Economic Perspectives
908 _aN
909 _a89169
999 _c89169
_d89169